Statistics for Dog Days Are Over Lyrics (Florence + the Machine)

Click here to take the quiz!

General Stats

  • This quiz has been taken 552 times
    (146 since last reset)
  • The average score is 224 of 280

Answer Stats

Lyrics% Correct
a
99%
dog
99%
you
99%
are
98%
days
98%
over
98%
run
97%
the
97%
your
96%
mother
95%
for
94%
father
93%
and
92%
fast
92%
I
91%
can
87%
brothers
85%
it
85%
sisters
85%
to
85%
all
83%
hear
83%
leave
83%
behind
82%
if
82%
coming
80%
want
80%
done
79%
so
79%
better
78%
children
78%
survive
78%
with
78%
carry
77%
happiness
77%
Happiness
77%
like
77%
horses
76%
no
76%
on
76%
her
75%
can't
71%
back
70%
she
70%
hit
67%
train
67%
track
66%
turning
66%
from
63%
in
63%
come
62%
they
62%
under
62%
cause
60%
kisses
60%
was
60%
around
59%
sink
59%
corners
58%
hid
58%
kitchen
58%
loving
58%
towards
58%
away
57%
down
57%
still
57%
here
56%
every
55%
washed
55%
bullet
54%
killed
53%
fled
52%
oh
52%
beds
51%
longing
50%
stuck
49%
bubble
47%
who
47%
what
45%
some
43%
never
41%
that
41%
drink
40%
anything
39%
have
39%
had
38%
after
37%
great
37%
sank
37%
wanted
37%
by
36%
except
36%
should
36%
height
34%
left
34%
too
34%
struck
33%
everything
31%
than
29%
known
25%
man
18%

Score Distribution

Percentile by Number Answered

Percent of People with Each Score

Your Score History

You have not taken this quiz since the last reset